000
00282nam a22001097a 4500
008
140526t xxu||||| |||| 00| 0 eng d
020
_a
1-56670-394-8
100
_a
Steve E. Franklin
_9
882
245
_a
Remote Sensing for Sustainable Forest Management
300
_a
407
942
_2
ddc
_c
BK
999
_c
17122
_d
17122